Les Principes de la Philosophie, écrits en latin, par René Descartes, et traduits en François par un de ses amis
-д хадгалсан:
| Үндсэн зохиолч: | |
|---|---|
| Формат: | Ном |
| Хэл сонгох: | франц |
| Хэвлэсэн: |
París
Compagnie des Libraires
1723
|
| Хэвлэл: | 1a. ed |
| Нөхцлүүд: | |
| Онлайн хандалт: | portada |
| Шошгууд: |
Шошго нэмэх
Шошго байхгүй, Энэхүү баримтыг шошголох эхний хүн болох!
|
MARC
| LEADER | 00000nam a2200000 a 4500 | ||
|---|---|---|---|
| 001 | UCJ8675 | ||
| 003 | CL-VaPUC | ||
| 008 | 070124e17230000FR |||||||||||||||||fre|d | ||
| 082 | 0 | 4 | |a 141 |b DES |2 21 |
| 100 | |a Descartes, René |e autor |9 265906 | ||
| 245 | 1 | 4 | |a Les Principes de la Philosophie, écrits en latin, par René Descartes, et traduits en François par un de ses amis |
| 250 | |a 1a. ed | ||
| 300 | |a pág. irreg | ||
| 942 | |c BK | ||
| 945 | |d 20070124 00:00:00 |a rinostro | ||
| 260 | |a París |b Compagnie des Libraires |c 1723 | ||
| 500 | |a In 12§, media pasta, tafilete.- h. prel.- Port.- v. bl.- Lettre de l'auteur.- Table des Principes de la Philosophie.- Apostillado | ||
| 650 | 0 | |a Historia de la filosofía |9 256920 | |
| 650 | 0 | |a Racionalismo |9 259116 | |
| 650 | 0 | |a Ilustraciones |9 369481 | |
| 650 | 0 | |a Correspondencia |9 258963 | |
| 650 | 0 | |a Matemática |9 260235 | |
| 650 | 0 | |a Optica |9 263171 | |
| 856 | 7 | |f UCJ8675_01.jpg |u http://opac.pucv.cl/pucv_img/Img-8500/UCJ8675_01.jpg |q JEPG |2 file |z portada | |
| 583 | |a last modification |c 20070124 00:00:00 |k Rodrigo Vera | ||
| 999 | |c 324345 |d 324343 | ||
| 952 | |0 0 |1 0 |4 0 |6 141_000000000000000_DES_1723 |7 0 |8 X |9 404437 |a FDOBUD |b FDOBUD |d 2019-11-22 |i 1082132 |o 141 DES 1723 |p 1082132 |r 2019-11-22 |w 2019-11-22 |y BK_X |k BUD | ||